LEADER 00938naa a2200205 u 4500 001 000000099830 003 CaOOAMICUS 005 20070226130200.0 008 051006s2003 it u000 u ita u 035 $a11062198 040 $aIAR$bita 100 1 $aSalvarani, Brunetto.$0(OLS)http://pul/name/34283 245 13$aLa fantasia dello spirito, le nostre fantasie :$bPer una rassegna della letteratura sui movimenti cristiani /$cBrunetto Salvarani. 260 $aBologna :$bEd. Dehoniane,$c2003. 300 $aS. 723-752 ;$c22 cm 730 0 $aCristianesimo nella storia$g[Spogli].$0(OLS)http://pul/title/7312 773 0 $aCristianesimo nella storia ;.$tvol. XXIV (2003) 773 0 $tCristianesimo nella storia$w()5012 996 $6245$aLa fantasia dello spirito, le nostre fantasie :$bPer una rassegna della letteratura sui movimenti cristiani$9(OLS)http://pul/title/126709 996 $6260$aBologna :$bEd. Dehoniane$9(OLS)http://pul/publisher/48282 LEADER 01554nam a2200361 u 4500 001 000000068008 003 CaOOAMICUS 005 20070226121742.0 008 020227s1989 it u000 u ita u 020 $a8816301767 035 $a10922025 040 $aPUL(R)$bita 041 1 $aita$hfre 245 00$aA lode della gloria :$bil sacerdozio nell'Ecole Française: XVII-XX secolo /$ctesti di Pierre de Bérulle ... [et al.] ; a cura di Luigi Mezzadri. 260 $aMilano :$bJaca Book,$cc1989. 300 $a185 p. ;$c24 cm 490 1 $aGià e non ancora ;$v176 490 1 $aComplementi alla Storia della Chiesa.$aTesti 504 $aNote bibliografiche. 650 4$aSacerdozio.$0(OLS)http://pul/subject/211 700 1 $aMezzadri, Luigi,$cC.M.$0(OLS)http://pul/name/3559 700 1 $aBérulle, Pierre de,$ccard.,$d1575-1629.$0(OLS)http://pul/name/14995 830 0$aComplementi alla Storia della Chiesa.$pTesti.$0(OLS)http://pul/title/21860 830 0$aGià e non ancora ;$v176.$0(OLS)http://pul/title/129 850 $aPUL 852 $aPUL$W1$xSL Filosofia 1$y2$m101(1) E 28$j88018$nBK-PRI$b $qStampati$B88018$CPULBib$Z2$F88018 $H $81 941 1 $a8 960 $aOrdine sacro$9211 960 $aOrdine sacro$9211 961 $aINV: 71063 996 $6020$a8816301767$9(OLS)http://pul/number/88137 996 $6245$aA lode della gloria :$bil sacerdozio nell'Ecole Française: XVII-XX secolo$9(OLS)http://pul/title/90057 996 $6260$aMilano :$bJaca Book$9(OLS)http://pul/publisher/47900